Normal view
MARC view
Entry Personal Name
001 - CONTROL NUMBER
- control field: 50424
003 - CONTROL NUMBER IDENTIFIER
- control field: ARRUPE
005 - DATE AND TIME OF LATEST TRANSACTION
- control field: 20211013121559.0
008 - FIXED-LENGTH DATA ELEMENTS
- fixed length control field: 211013|| aca||aabn | a|a d
040 ## - CATALOGING SOURCE
- Original cataloging agency: ARRUPE
- Transcribing agency: ARRUPE
100 ## - HEADING--PERSONAL NAME
- Personal name: Brandom, Robert
670 ## - SOURCE DATA FOUND
- Source citation: Work cat.: (ARRUPE)0: Brandom, Robert., Articulating reasons :, 2000.